书目信息 |
| 题名: |
清人文集别录
|
|
| 作者: | 张舜徽 著 | |
| 分册: | 上册 | |
| 出版信息: | 北京 中华书局出版 1963.11 |
|
| 页数: | 295页 | |
| 开本: | 20cm | |
| 丛书名: | ||
| 单 册: | ||
| 中图分类: | V | |
| 科图分类: | ||
| 主题词: | 航空 , 航天 | |
| 电子资源: | ||
| ISBN: | ||
| 000 | 00514nam0 2200205 45 | |
| 001 | 0181014320 | |
| 005 | 20060818152840.84 | |
| 010 | @dCNY2.60 | |
| 091 | @a10018.356 | |
| 100 | @a20810111d km y0chiy0120 ea | |
| 101 | 0 | @achi |
| 200 | 1 | @a清人文集别录@AQing Ren Wen Ji Bie Lu@h上册@f张舜徽著 |
| 210 | @a北京@c中华书局出版@d1963.11 | |
| 215 | @a295页@d20cm | |
| 606 | 0 | @a航空 |
| 606 | 0 | @a航天 |
| 690 | @aV@v3 | |
| 701 | 0 | @a张舜徽@4著 |
| 801 | @aCN@bTSTC@c20060818 | |
| 905 | @dI215.21@e250:1@f2@b213397-398 | |
| 清人文集别录.上册/张舜徽著.-北京:中华书局出版,1963.11 |
| 295页;20cm |
| ISBN :CNY2.60 |
| ● |
| 相关链接 |
|
|
|
|
正题名:清人文集别录
索取号:I215.21/250:1
 
预约/预借
| 序号 | 登录号 | 条形码 | 馆藏地/架位号 | 状态 | 备注 |
| 1 | 0213397 | 000231617 | 第二借阅区/ [索取号:I215.21/250:1] | 在馆 | |
| 2 | 0213398 | 000231680 | 密集书库/ [索取号:I215.21/250:1] | 在馆 | |
| 3 | 0213399 | 000231671 | 第一样本阅览室/ [索取号:I215.21/250:1] | 在馆 | |
| 4 | 0469475 | 204694759 | 密集书库/ [索取号:I215.21/250:1] | 在馆 | |
| 5 | 0469476 | 204694768 | 密集书库/ [索取号:I215.21/250:1] | 在馆 |